00688nam a22001697a 4500003000200000005001700002008004100019050002400060100003100084245013000115260007400245300002400319500002200343942001200365999001900377952012200396020231107100321.0230701b xxu||||| |||| 00| 0 eng d aRC 552b.Si623 2022 aSison, Alexa Dominique C. aEating behavior patterns and body image satisfaction of young adult females with absentee fatherscSison, Alexa Dominique C. aLas Piñas CitybSouthville International School and CollegescC2022 axi, 157pp. c28cm.  aEating behavior.  2lcccTH c365104d365104 00102lcc40aCLbCLcTHESESd2023-07-01eDONATIONl0oRC 552 .Si623 2022pT1210r2023-07-01 00:00:00w2023-07-01yTH